Characteristics of a caring home. (Record no. 16816)

000 -LEADER
fixed length control field 00505nam a2200169 a 4500
001 - CONTROL NUMBER
control field :::00020103$&:&@@
003 - CONTROL NUMBER IDENTIFIER
control field OkBaRHE
005 - DATE AND TIME OF LATEST TRANSACTION
control field 20011211170428.0
008 - FIXED-LENGTH DATA ELEMENTS--GENERAL INFORMATION
fixed length control field s1978 j 000 0 eng u
040 ## - CATALOGING SOURCE
Transcribing agency
100 1# - MAIN ENTRY--PERSONAL NAME
Personal name Wright, H. Norman
245 10 - TITLE STATEMENT
Title Characteristics of a caring home.
260 ## - PUBLICATION, DISTRIBUTION, ETC. (IMPRINT)
Place of publication, distribution, etc Santa Ana, CA
Name of publisher, distributor, etc Vision House Publishers
Date of publication, distribution, etc 1978
300 ## - PHYSICAL DESCRIPTION
Extent 137 p.
942 ## - ADDED ENTRY ELEMENTS (KOHA)
Source of classification or shelving scheme
Koha item type Books
Copies
Koha item type Full call number Damaged status Date last seen Permanent Location Not for loan Copy number Lost status Date acquired Barcode Source of classification or shelving scheme Price effective from Withdrawn status Shelving location
BooksBV 4526.2 .W73 2010-04-14RHEMA Bible Training College 1 2010-04-1420103 2010-04-14 General Stacks